000 00225nam a22000857a 4500
008 160817b xxu||||| |||| 00| 0 eng d
100 _9161
_aSalibury Martin
245 _aJack and the Beans talk
260 _aNew Delhi
_bLadybird
_c1994
999 _c2819
_d2819